00578nam a2200157Ia 4500008004100000020002200041100001800063245007600081250001200157260004500169300003900214500003500253650003400288650007900322999001900401190920s9999 xx 000 0 und d a978-0-471-73831-2 aGoldbatt, Joe cJoe Goldblatt.--aSpecial events :bthe roots and wings of celebration/ a5th ed. aHoboken, N.J. :bJohn Wiley & Sonsc2008 a498 pages :bcolored illustrations aIncludes appendices and index. aSpecial events -- Management. aSpecial events -- Management. SOCIAL SCIENCE -- Holidays (non-religious) c362146d362146